000 00528 a2200193 4500
005 20260214111025.0
008 260212b |||||||| |||| 00| 0 eng d
020 _a978936085060
_cRs. 2395.00
040 _aMAIN
082 _a954.01
_bR127V
100 _aRagozin, Zénaïde A
245 _aVedic India: As embodied principally in the Rig-Veda
260 _bArjun Publishing House
_c2026
_aNew Delhi
300 _axii, 457
650 _aHistory
650 _aVedic Civilization
650 _aIndian-History
942 _cBK
999 _c394306
_d394306